01797 a2200373 45000010006000000050017000060080041000230030015000640400040000790800083001192450047002020200022002492640075002713000019003465050573003650410008009381000031009467000017009777000023009947000024010177000024010417000018010657000021010837000027011047000021011317000025011527000023011777000024012007000019012247000021012437000022012647000028012868560109013143407420260407155630.0260407a2012 arg spa dAR-UNSa-BCEJYS aAR-UNSa-BCEJYSbspacAR-UNSa-BCEJYS a658.15xAdministración financiera privada. Gestión financiera de empresas 10aGestión financiera de las organizaciones a978-950-23-1913-1 1aBuenos Aires :bEUDEBA (Editorial Universitaria de Buenos Aires)c2012 a558 p.c24 cm. a1. Función fianciera - 2. Conceptos de análisis financiero - 3. Presupuesto y flujo de fondos - 4. Control presupuestario y de gestión - 5. Administración del capital de trabajo - 6. Decisiones de inversión - 7. Decisiones bajo riesgo de incertidumbre - 9. Costo de capital - 10. Fuentes de financiamiento - 11. Política de dividendos - 12. Estructura de capital - 13. Sistema financiero: Conceptos básicos, funcionamiento y evolución temporal - 14. Mercado de capitales: características, funcionamiento, instituciones, instrumentos y operaciones.  aspa1 aAlbornoz, César Humberto1 aAire, Carlos1 aChernitzky, Karina1 aAriganello, Claudio1 aFreschero, Fernando1 aBarrera, Luis1 aOchonga, Alfredo1 aBarthe Dennin, Solange1 aPainelli, Flavia1 aFarroni, José Luis1 aSucasas, Sergio D.1 aMarcos, Damián J.1 aZupink, Yanina1 aPorto, José M.1 aTapia, Gustavo N.1 aVélez Pareja, Ignacio41uhttps://biblioeco.unsa.edu.ar/pmb/images/libros/gestion_finaciera_org.jpgyImagen de portadaqimage/jpeg